Julie of the Wolves : (Record no. 5276)

MARC details
000 -LEADER
fixed length control field 01049nam a22003137a 4500
001 - CONTROL NUMBER
control field 5276
003 - CONTROL NUMBER IDENTIFIER
control field FISKH
005 - DATE AND TIME OF LATEST TRANSACTION
control field 20241122122830.0
008 - FIXED-LENGTH DATA ELEMENTS--GENERAL INFORMATION
fixed length control field 241122b cb ||||| |||| 00| 0 eng d
020 ## - INTERNATIONAL STANDARD BOOK NUMBER
International Standard Book Number 0590134701
040 ## - CATALOGING SOURCE
Original cataloging agency FISKH
Language of cataloging eng
Transcribing agency FISKH
Modifying agency FISKH
050 ## - LIBRARY OF CONGRESS CALL NUMBER
Classification number PS3557.E485
082 ## - DEWEY DECIMAL CLASSIFICATION NUMBER
Classification number 998
100 ## - MAIN ENTRY--PERSONAL NAME
Personal name George, Jean Craighead
245 ## - TITLE STATEMENT
Title Julie of the Wolves :
Remainder of title Winner of the Newberry Medal /
Statement of responsibility, etc. by Jean Craighead George
260 ## - PUBLICATION, DISTRIBUTION, ETC.
Place of publication, distribution, etc. New York :
Name of publisher, distributor, etc. Scholastic ;
Date of publication, distribution, etc. 1972.
300 ## - PHYSICAL DESCRIPTION
Extent 170 pages :
Other physical details illustrations ;
Dimensions 18 cm .
490 ## - SERIES STATEMENT
Series statement Julie of the Wolves
Volume/sequential designation Book 1
505 ## - FORMATTED CONTENTS NOTE
Formatted contents note U <br/>
520 ## - SUMMARY, ETC.
Summary, etc. While running away from home and an unwanted marriage, a thirteen-year-old Eskimo girl becomes lost on the North Slope of Alaska and is befriended by a wolf pack.
521 8# - TARGET AUDIENCE NOTE
Target audience note 860 <br/>
Source Lexile <br/>
521 8# - TARGET AUDIENCE NOTE
Target audience note U <br/>
Source Raz-Plus <br/>
650 ## - SUBJECT ADDED ENTRY--TOPICAL TERM
Topical term or geographic name entry element Newbery Medal
Form subdivision fiction
650 ## - SUBJECT ADDED ENTRY--TOPICAL TERM
Topical term or geographic name entry element survival
Form subdivision fiction
650 ## - SUBJECT ADDED ENTRY--TOPICAL TERM
Topical term or geographic name entry element young adult
Form subdivision fiction
700 ## - ADDED ENTRY--PERSONAL NAME
Personal name Schoenherr, John
Relator term illustrator
942 ## - ADDED ENTRY ELEMENTS (KOHA)
Source of classification or shelving scheme Dewey Decimal Classification
Koha item type Books
Suppress in OPAC No
Holdings
Withdrawn status Lost status Source of classification or shelving scheme Damaged status Not for loan Collection Home library Current library Shelving location Date acquired Total Checkouts Full call number Barcode Date last seen Price effective from Koha item type
    Dewey Decimal Classification     Fiction Footprints International School Library Network Toul Kork Campus Footprints International School Library Network Toul Kork Campus TTP Secondary Fiction Bookshelves 11/22/2024   GEO 808.899 PZ7.G2933 FISSE01363 11/22/2024 11/22/2024 Books